Hades Regional Bosses and Guardians - Statistics

General Stats
  • This quiz has been taken 30 times
  • The average score is 17 of 20
Answer Stats
Hint Answer % Correct
Temple of Styx Hades
100%
Fields of Mourning Cerberus
96%
Tartarus Chronos
96%
Erebus Hecate
96%
Oceanus Scylla
96%
Elysium Theseus
96%
Elysium Asterius
93%
Rift of Thessaly Eris
89%
Asphodel Lernie
89%
Tartarus Megaera
89%
Mount Olympus Prometheus
86%
City of Ephyra Medea
79%
City of Ephyra Polyphemus
79%
Tartarus Tisiphone
79%
The Summit Typhon
79%
Mount Olympus Heracles
75%
Oceanus Charybdis
71%
Oceanus Jetty
68%
Oceanus Roxy
68%
Tartarus Alecto
64%
No matching quizzes found
Score Distribution
Percent of People with Each Score
Percentile by Number Answered
Your Score History
You have not taken this quiz